|
|
|
|
| LEADER |
00000cam a2200000 i 4500 |
| 001 |
1/62869 |
| 008 |
150109s2014 gr | ||| |||| ||gre|| |
| 020 |
|
|
|a 9789604991150
|
| 035 |
|
|
|l 10120312
|
| 040 |
|
|
|a GRMyUa
|b gre
|e AACR2
|
| 041 |
0 |
|
|a gre
|
| 082 |
7 |
|
|a 808.23
|2 (23)
|
| 100 |
1 |
|
|a Σκρουμπέλος, Θανάσης,
|d 1944-
|
| 245 |
1 |
0 |
|a Σενάριο :
|b από τη θεωρία στην πράξη /
|c Θανάσης Σκρουμπέλος.
|
| 260 |
|
|
|a Αθήνα :
|b Τόπος,
|c c2014.
|
| 300 |
|
|
|a 133 σ. ;
|c 21 εκ.
|
| 650 |
|
0 |
|a Motion picture authorship.
|
| 650 |
|
0 |
|a Motion picture plays
|x Technique.
|
| 852 |
|
|
|a INST
|b SYROS
|c EUDOXUS
|e 20150109
|h 808.23 ΣΚΡ
|p 005500012308
|q 005500012308
|t EDX
|y 0
|
| 901 |
|
|
|a BIBL5-2015-1
|
| 920 |
|
|
|a Εύδοξος
|b Παραγγελία
|y Σύρος-ΤΜΣΠΣ
|z 2014-12
|
| 970 |
|
|
|a Κοντού
|b Παρασκευή
|z 09/01/2015
|